[Event "AUTO-OPEN-4285"]
[Site "http://www.queenalice.com/game.php?id=1762006"]
[Date "2021.6.12"]
[Round "1"]
[White "chessman"]
[Black "jeffcom2f"]
[Result "1-0"]
[WhiteElo "2100"]
[BlackElo "1810"]

1. e4 d5 2. exd5 Qxd5 3. Nc3 Qd8 4. Nf3 e6 5. d4 Nf6 6. Bc4 a6 7. O-O Be7 8. Re1
O-O 9. h3 b5 10. Bb3 c6 11. Be3 Bb7 12. Qe2 Nbd7 13. a4 b4 14. Nd1 Nd5 15. c3 a5
16. c4 Nc7 17. Bc2 Nf6 18. b3 c5 19. dxc5 Ne4 20. Bxe4 Bxe4 21. Bf4 Bc6 22. Be3
Na6 23. Nb2 Nxc5 24. Qc2 Bf6 25. Bxc5 Bxf3 26. Bxf8 Kxf8 27. gxf3 Kg8 28. Rad1
Qb6 29. Kg2 Qc5 30. Nd3 Qg5+ 31. Kh2 Rd8 32. Qe2 1-0

[Event "AUTO-ADV-4519"]
[Site "http://www.queenalice.com/game.php?id=1764233"]
[Date "2021.7.11"]
[Round "1"]
[White "Tutankamon1"]
[Black "jeffcom2f"]
[Result "0-1"]
[WhiteElo "1710"]
[BlackElo "1559"]

1. e4 d5 2. e5 d4 3. d3 Nc6 4. Qe2 e6 5. g3 Nge7 6. Bf4 Ng6 7. Bg2 Nxf4 8. gxf4
Be7 9. Nd2 O-O 10. Bxc6 bxc6 11. Ngf3 Bb7 12. O-O-O a5 13. Nb3 c5 14. Qd2 Bxf3
15. a3 Bxd1 16. Qxd1 a4 17. Nd2 Bh4 18. Qe2 Qd5 19. Rg1 Be7 20. Qg4 g6 21. Nf3
h5 22. Qg2 Qa2 23. Qf1 Qa1+ 24. Kd2 Qxb2 25. Qc1 Qxc1+ 0-1

[Event "AUTO-ADV-4519"]
[Site "http://www.queenalice.com/game.php?id=1764234"]
[Date "2021.7.11"]
[Round "1"]
[White "jeffcom2f"]
[Black "Tutankamon1"]
[Result "1-0"]
[WhiteElo "1813"]
[BlackElo "1809"]

1. e4 e5 2. d4 exd4 3. Qxd4 Nc6 4. Qd1 d6 5. Nc3 Nf6 6. a3 a6 7. Nf3 Nxe4 8.
Nxe4 Bf5 9. Bd3 Qd7 10. O-O Qe7 11. Re1 O-O-O 12. Neg5 Qf6 13. Ne4 Bxe4 14. Bxe4
Ne5 15. Bg5 Nxf3+ 16. Qxf3 Qxg5 17. Bxb7+ Kb8 18. Bxa6 d5 19. Qb3+ Ka7 20. Qb7#
1-0

[Event "AUTO-ADV-4519"]
[Site "http://www.queenalice.com/game.php?id=1764247"]
[Date "2021.7.11"]
[Round "1"]
[White "jeffcom2f"]
[Black "ebpap123"]
[Result "0-1"]
[WhiteElo "1797"]
[BlackElo "1827"]

1. e4 c5 2. d4 cxd4 3. Qxd4 Nc6 4. Qd1 Nf6 5. Nc3 e6 6. Nf3 d6 7. a3 Be7 8. Be2
O-O 9. O-O a6 10. Be3 b5 11. Nd4 Nxd4 12. Bxd4 Bb7 13. Bf3 Qd7 14. e5 Bxf3 15.
Qxf3 dxe5 16. Bxe5 Rfd8 17. Rfd1 Qc8 18. Ne4 Nxe4 19. Qxe4 Ra7 20. Qg4 Rxd1+ 21.
Rxd1 g6 22. c3 Bf8 23. Qd4 Ra8 24. Qd7 Qxd7 25. Rxd7 Bg7 26. Bxg7 Kxg7 27. f3 g5
28. g4 Kg6 29. Kf2 Kf6 30. Ke3 e5 31. Rd5 Ke6 32. Ke4 f6 0-1

[Event "AUTO-ADV-4519"]
[Site "http://www.queenalice.com/game.php?id=1764248"]
[Date "2021.7.11"]
[Round "1"]
[White "ebpap123"]
[Black "jeffcom2f"]
[Result "1-0"]
[WhiteElo "1813"]
[BlackElo "1641"]

1. e4 d5 2. exd5 Qxd5 3. Nc3 Qd8 4. d4 e6 5. Nf3 Nf6 6. Be2 Nc6 7. O-O Be7 8.
Re1 O-O 9. Bf4 a6 10. Qd2 Bb4 11. a3 Be7 12. h3 Bd7 13. Bg3 Nd5 14. Nxd5 exd5
15. Bd3 b5 16. Qe2 Bf6 17. c3 Re8 18. Qc2 Rxe1+ 19. Rxe1 g6 20. Re2 Be6 21. Re1
Kg7 22. Ne5 Ne7 23. Nf3 Qd7 24. Ne5 Bxe5 25. Bxe5+ f6 26. Bg3 f5 27. Qe2 Kf7 28.
Bf4 h5 29. Bg5 Ng8 30. Bh4 Nf6 31. Bxf6 Kxf6 32. Qe5+ Kf7 33. Qe2 Re8 34. Qc2 c6
35. Re2 Kg7 36. Qd1 1-0

[Event "AUTO-ADV-4519"]
[Site "http://www.queenalice.com/game.php?id=1764249"]
[Date "2021.7.11"]
[Round "1"]
[White "jeffcom2f"]
[Black "Nille"]
[Result "0-1"]
[WhiteElo "1811"]
[BlackElo "1813"]

1. e4 e5 2. d4 exd4 3. Qxd4 d6 4. Nc3 Nc6 5. Qd1 h6 6. Nf3 Nf6 7. a3 a6 8. Bd3
Be7 9. O-O b5 10. Be3 Bb7 11. Nd5 Ne5 12. Nxe5 dxe5 13. Nxe7 Qxe7 14. Qf3 c5 15.
b3 O-O 16. h3 c4 17. bxc4 bxc4 18. Bxc4 Bxe4 19. Qe2 Qb7 20. Rab1 Qc6 21. f3 Bd5
22. Bb3 Rfc8 23. Rfd1 a5 24. c4 Bxc4 25. Bxc4 Qxc4 26. Rd3 Nd5 27. Rc1 Qb5 28.
Bd2 Rxc1+ 29. Bxc1 Qb1 30. Qd1 Rc8 0-1

[Event "AUTO-ADV-4519"]
[Site "http://www.queenalice.com/game.php?id=1764250"]
[Date "2021.7.11"]
[Round "1"]
[White "Nille"]
[Black "jeffcom2f"]
[Result "1-0"]
[WhiteElo "1825"]
[BlackElo "1581"]

1. e4 e5 2. Nf3 Nf6 3. Bc4 Nc6 4. Nc3 a6 5. a3 Be7 6. d3 O-O 7. O-O b5 8. Bd5
Nxd5 9. Nxd5 Bf6 10. b4 Bb7 11. Bb2 d6 12. c4 bxc4 13. dxc4 h6 14. h3 Re8 15.
Qe1 Nd4 16. Qe3 Nxf3+ 17. Qxf3 Bxd5 18. cxd5 c5 19. bxc5 dxc5 20. Rac1 Rb8 21.
Qe2 Qa5 22. Qc2 c4 23. Qc3 Qxc3 24. Bxc3 Rb3 25. Bb4 Rc8 26. Rfd1 c3 27. Rd3 a5
28. Rcxc3 Rb1+ 29. Kh2 Rxc3 30. Bxc3 Rb5 31. d6 Rb3 32. d7 Bd8 33. Rg3 f6 34.
Bxe5 Rxg3 35. Bxg3 a4 36. f4 Kf7 37. e5 Ke6 38. Bh4 Kxd7 39. exf6 gxf6 40. g4
Kc6 41. f5 Kc5 42. Be1 Kc4 43. Kg3 Kb3 44. Bb4 Bc7+ 45. Kh4 Bf4 46. Kh5 Kc4 47.
Kg6 Kb3 48. Kxf6 Bg5+ 49. Kg6 Kc4 50. Kh5 Kb3 51. h4 1-0

[Event "AUTO-INT-3566"]
[Site "http://www.queenalice.com/game.php?id=1765781"]
[Date "2021.7.30"]
[Round "3"]
[White "marcoswerneck"]
[Black "jeffcom2f"]
[Result "1-0"]
[WhiteElo "1640"]
[BlackElo "1612"]

1. e4 d5 2. e5 d4 3. d3 e6 4. Nf3 Nc6 5. a3 Bc5 6. Be2 Nge7 7. Bf4 Ng6 8. Bg3
O-O 9. Nbd2 b5 10. b4 Bb6 11. O-O Bb7 12. Ne4 h6 13. Qd2 a6 14. Qc1 Qd5 15. c3
Ncxe5 16. Ned2 dxc3 17. Qxc3 f6 18. Bxe5 Nxe5 19. Ne4 Nxf3+ 20. Bxf3 Bd4 21.
Rac1 Bxc3 22. Nxc3 Qg5 23. Bxb7 Ra7 24. Bf3 Rd8 25. Ne4 Qg6 26. Nc5 Kf7 27. Be4
f5 28. Bf3 Rd4 29. Bc6 Rd6 30. Nd7 1-0

[Event "AUTO-INT-3566"]
[Site "http://www.queenalice.com/game.php?id=1765782"]
[Date "2021.7.30"]
[Round "3"]
[White "jeffcom2f"]
[Black "marcoswerneck"]
[Result "0-1"]
[WhiteElo "1597"]
[BlackElo "1655"]

1. e4 e5 2. d4 Bd6 3. d5 Nf6 4. Nc3 a6 5. Nf3 h6 6. Bd3 O-O 7. O-O c6 8. Be3
cxd5 9. Nxd5 Nxd5 10. exd5 b5 11. Qd2 Qe8 12. a3 Bb7 13. Be2 e4 14. Nh4 Qe5 15.
f4 Qf6 16. g3 Be7 17. c3 Qd6 18. Nf5 Qf6 19. d6 Qxf5 20. g4 Qf6 21. dxe7 Qxe7
22. f5 Nc6 23. f6 Qe5 24. fxg7 Rfd8 25. Rf5 Qc7 26. Bxh6 Ne7 27. Rf2 Qc6 28. Qf4
Qg6 29. Raf1 f5 30. g5 d6 31. h4 Kh7 32. Kh2 Bc8 0-1

[Event "AUTO-OPEN-4301"]
[Site "http://www.queenalice.com/game.php?id=1767237"]
[Date "2021.8.18"]
[Round "1"]
[White "Numberone"]
[Black "jeffcom2f"]
[Result "1-0"]
[WhiteElo "1890"]
[BlackElo "1829"]

1. e4 d5 2. exd5 Qxd5 3. Nc3 Qd8 4. Nf3 e6 5. a3 Nf6 6. d4 a6 7. Be2 Nbd7 8. O-O
Be7 9. Re1 O-O 10. h3 b5 11. Bf4 Bb7 12. Ne5 Nd5 13. Nxd5 Bxd5 14. Nxd7 Qxd7 15.
b3 Bf6 16. c4 Bb7 17. c5 1-0

[Event "AUTO-OPEN-4301"]
[Site "http://www.queenalice.com/game.php?id=1767238"]
[Date "2021.8.18"]
[Round "1"]
[White "jeffcom2f"]
[Black "Numberone"]
[Result "0-1"]
[WhiteElo "1643"]
[BlackElo "2236"]

1. e4 e5 2. d4 exd4 3. Qxd4 Nc6 4. Qd1 Nf6 5. Nc3 d6 6. h3 Be7 7. Nf3 O-O 8. a3
a5 9. Be2 Re8 10. O-O Bf8 11. Bg5 Be7 12. Nd4 Nxd4 13. Qxd4 Bxh3 14. Qe3 Bd7 15.
Rfd1 h6 16. Bh4 Qc8 17. Nd5 Nxd5 18. Bxe7 Nxe7 19. Qf3 Ng6 20. Qe3 Bc6 21. f3 d5
0-1

[Event "AUTO-OPEN-4301"]
[Site "http://www.queenalice.com/game.php?id=1767259"]
[Date "2021.8.18"]
[Round "1"]
[White "PaulMSains"]
[Black "jeffcom2f"]
[Result "1-0"]
[WhiteElo "1857"]
[BlackElo "1563"]

1. e4 d5 2. exd5 Qxd5 3. Nc3 Qd8 4. Nf3 e6 5. Bc4 Nf6 6. O-O c6 7. Re1 b5 8. Bb3
Be7 9. d3 O-O 10. Bf4 Bb7 11. Ne4 Nxe4 12. dxe4 Qxd1 13. Raxd1 a5 14. a4 c5 15.
axb5 a4 16. Ba2 h6 17. c4 Rd8 18. Rxd8+ Bxd8 19. Ne5 g5 20. Be3 Bf6 21. Ng4 Bxb2
22. Bxc5 Kh7 23. e5 Kg7 24. Bd6 1-0

[Event "AUTO-OPEN-4301"]
[Site "http://www.queenalice.com/game.php?id=1767260"]
[Date "2021.8.18"]
[Round "1"]
[White "jeffcom2f"]
[Black "PaulMSains"]
[Result "0-1"]
[WhiteElo "1568"]
[BlackElo "1852"]

1. e4 e5 2. d4 exd4 3. Qxd4 Nc6 4. Qd1 Bc5 5. Nc3 Qf6 6. Nf3 Nge7 7. Be2 O-O 8.
O-O d6 9. Bg5 Qg6 10. Bd3 Ne5 11. Bxe7 Re8 12. Nxe5 Qe6 13. Bxd6 Bxd6 14. Nf3
Qg6 15. e5 Bh3 16. Nh4 Qg5 17. exd6 cxd6 18. Ne4 Qxh4 19. gxh3 Rxe4 20. Bxe4
Qxe4 21. f3 Qg6+ 22. Kh1 Rc8 23. Rg1 Qf5 24. Rc1 Qxh3 25. Qd3 g6 26. Rg3 Qh6 27.
Rcg1 Rc5 28. h3 Rh5 29. f4 Qxf4 0-1

[Event "AUTO-OPEN-4301"]
[Site "http://www.queenalice.com/game.php?id=1767273"]
[Date "2021.8.18"]
[Round "1"]
[White "jeffcom2f"]
[Black "MarGuizoni"]
[Result "0-1"]
[WhiteElo "1738"]
[BlackElo "1568"]

1. e4 c5 2. d4 cxd4 3. Qxd4 Nc6 4. Qd1 Nf6 5. Nc3 e6 6. a3 d5 7. exd5 exd5 8.
Nf3 d4 9. Nb5 Bc5 10. b4 Bb6 11. a4 O-O 12. Bd3 Nxb4 13. Ba3 Ba5 14. O-O Bg4 15.
Bxb4 Bxb4 16. Rb1 Nd5 17. Bc4 Nc3 18. Nxc3 Bxc3 19. Rxb7 Qc8 20. Bd5 Rd8 21.
Bxf7+ Kf8 22. Qb1 Rd7 0-1

[Event "AUTO-OPEN-4301"]
[Site "http://www.queenalice.com/game.php?id=1767274"]
[Date "2021.8.18"]
[Round "1"]
[White "MarGuizoni"]
[Black "jeffcom2f"]
[Result "1-0"]
[WhiteElo "1591"]
[BlackElo "1715"]

1. e4 d5 2. d3 dxe4 3. dxe4 Qxd1+ 4. Kxd1 e5 5. Nf3 Nf6 6. Nbd2 Nc6 7. Bc4 Bg4
8. h3 Bxf3+ 9. gxf3 O-O-O 10. Bxf7 Be7 11. Be6+ Kb8 12. Rg1 Nd4 13. Bc4 Nxf3 14.
Rxg7 Nxe4 15. Rxe7 Nexd2 16. Bd3 e4 17. Bxd2 exd3 18. cxd3 Rxd3 19. Re2 Rhd8 20.
Kc2 Rxd2+ 21. Rxd2 Rxd2+ 22. Kc3 b6 23. a4 Rxf2 24. Rd1 Ng5 25. Rd8+ Kb7 26. h4
Ne4+ 27. Kb3 1-0

[Event "AUTO-INT-3564"]
[Site "http://www.queenalice.com/game.php?id=1769419"]
[Date "2021.9.10"]
[Round "2"]
[White "jeffcom2f"]
[Black "IMONTELO"]
[Result "0-1"]
[WhiteElo "1753"]
[BlackElo "1773"]

1. e4 e5 2. d4 Qh4 3. Nc3 Bb4 4. Nf3 Bxc3+ 5. bxc3 Qxe4+ 6. Be2 d6 7. O-O Qg6 8.
dxe5 dxe5 9. Nxe5 Qf6 10. Re1 Nc6 11. Bb5 Ne7 12. Ng4 Qg6 13. Ba3 O-O 14. Bxe7
Bxg4 15. Bd3 Bxd1 16. Bxg6 Nxe7 17. Bxh7+ Kxh7 18. Raxd1 Nc6 0-1

[Event "AUTO-INT-3564"]
[Site "http://www.queenalice.com/game.php?id=1769420"]
[Date "2021.9.10"]
[Round "2"]
[White "IMONTELO"]
[Black "jeffcom2f"]
[Result "1-0"]
[WhiteElo "1746"]
[BlackElo "1816"]

1. e4 d5 2. e5 Nc6 3. Bb5 e6 4. Bxc6+ bxc6 5. d4 Ne7 6. Bg5 Ba6 7. c3 h6 8. Qh5
g6 9. Qh3 Qd7 10. Nd2 O-O-O 11. Ngf3 Bg7 12. Bxe7 Qxe7 13. Nb3 1-0

[Event "AUTO-INT-3564"]
[Site "http://www.queenalice.com/game.php?id=1769421"]
[Date "2021.9.10"]
[Round "2"]
[White "jeffcom2f"]
[Black "zmanomega"]
[Result "0-1"]
[WhiteElo "1782"]
[BlackElo "1460"]

1. e4 e5 2. d4 Nc6 3. d5 Nd4 4. c3 Nf6 5. cxd4 Nxe4 6. Qe2 f5 7. f3 Nf6 8. Qxe5+
Kf7 9. Bg5 Bd6 10. Bxf6 Bxe5 11. Bxd8 Rxd8 12. dxe5 Re8 13. f4 a5 14. Nc3 d6 15.
Nf3 Ra6 16. Bxa6 bxa6 17. O-O dxe5 18. Nxe5+ Kf6 19. Rad1 g5 20. g3 g4 21. Na4
h5 0-1

[Event "AUTO-INT-3564"]
[Site "http://www.queenalice.com/game.php?id=1769422"]
[Date "2021.9.10"]
[Round "2"]
[White "zmanomega"]
[Black "jeffcom2f"]
[Result "1-0"]
[WhiteElo "1521"]
[BlackElo "1632"]

1. e4 d5 2. e5 Nc6 3. d4 Bf5 4. Bb5 e6 5. Nc3 Ne7 6. Nf3 a6 7. Ba4 b5 8. Bb3 b4
9. Ne2 a5 10. c3 a4 11. Bc2 a3 12. Bb3 Qb8 13. c4 Kd7 14. cxd5 Nxd5 15. O-O Qb5
16. Ng5 Ke7 17. Bxd5 1-0

[Event "AUTO-INT-3564"]
[Site "http://www.queenalice.com/game.php?id=1769423"]
[Date "2021.9.10"]
[Round "2"]
[White "jeffcom2f"]
[Black "SamuraiJOM"]
[Result "0-1"]
[WhiteElo "1692"]
[BlackElo "1608"]

1. e4 e5 2. d4 exd4 3. Qxd4 Nf6 4. Nc3 Nc6 5. Qd1 Bc5 6. h3 a6 7. Bg5 d6 8. Nf3
h6 9. Bxf6 gxf6 10. Qd2 Be6 11. O-O-O Qd7 12. Nd5 Qd8 13. Nf4 Bd7 14. Nd5 f5 15.
exf5 Bxf5 0-1

[Event "AUTO-INT-3564"]
[Site "http://www.queenalice.com/game.php?id=1769424"]
[Date "2021.9.10"]
[Round "2"]
[White "SamuraiJOM"]
[Black "jeffcom2f"]
[Result "1-0"]
[WhiteElo "1627"]
[BlackElo "1673"]

1. e4 d5 2. Bb5+ c6 3. Ba4 e5 4. d3 Nf6 5. Nd2 Nbd7 6. exd5 cxd5 7. Ngf3 Bd6 8.
O-O O-O 9. Re1 Re8 10. Nf1 d4 11. h3 a6 12. Ng3 b5 13. Bb3 h6 14. Nf5 Bf8 15.
N3h4 Nc5 16. f3 1-0

[Event "AUTO-INT-3601"]
[Site "http://www.queenalice.com/game.php?id=1769814"]
[Date "2021.9.14"]
[Round "2"]
[White "Bigchess"]
[Black "jeffcom2f"]
[Result "1-0"]
[WhiteElo "1789"]
[BlackElo "1583"]

1. e4 d5 2. exd5 Qxd5 3. Nf3 Nf6 4. d4 Nc6 5. Bd3 Bg4 6. h3 Bxf3 7. gxf3 O-O-O
8. Be3 Nxd4 9. Nd2 Qc6 10. Bxd4 Rxd4 11. Qe2 e6 12. Nc4 Rd8 13. O-O-O 1-0

[Event "AUTO-INT-3601"]
[Site "http://www.queenalice.com/game.php?id=1769815"]
[Date "2021.9.14"]
[Round "2"]
[White "jeffcom2f"]
[Black "Bigchess"]
[Result "0-1"]
[WhiteElo "1575"]
[BlackElo "1797"]

1. e4 e5 2. d4 exd4 3. Qxd4 d6 4. Nc3 Nc6 5. a3 Be6 6. Qd1 Nf6 7. Nf3 Be7 8. Bd3
O-O 9. O-O a6 10. Re1 Ne5 11. Nxe5 dxe5 12. h3 Bd6 13. Bg5 b5 14. Nd5 Bxd5 15.
f3 Bb7 0-1